000 00449nam a2200169Ia 4500
003 GCL
008 140319s9999 xx 000 0 eng d
040 _aGCL /
_cGCL
082 0 4 _a658.15
_bH A
100 1 _aHIGGINS, ROBERT
245 1 0 _aANALYSIS FOR FINANCIAL MANAGEMENT /
_cHIGGINS, ROBERT
260 _a[S.N] :
_bIRWIN ،
_c1995
300 _a418 P
650 0 4 _aFINANCIAL MANAGEMENT
650 0 4 _aCORPORATIONS - FINANCEIAL
942 _2ddc
_cBK
999 _c11921
_d11921